LEADER 01335nam 2200373 450 001 996280034303316 005 20230423163429.0 010 $a1-4673-6439-8 035 $a(CKB)3460000000126476 035 $a(NjHacI)993460000000126476 035 $a(EXLCZ)993460000000126476 100 $a20230423d2013 uy 0 101 0 $aeng 135 $aur||||||||||| 181 $ctxt$2rdacontent 182 $cc$2rdamedia 183 $acr$2rdacarrier 200 10$a2013 2nd International Workshop on the Twin Peaks of Requirements and Architecture (TwinPeaks) /$fInstitute of Electrical and Electronics Engineers 210 1$aPiscataway, New Jersey :$cIEEE,$d2013. 215 $a1 online resource (viii, 28 pages) 311 $a1-4673-6440-1 517 $a2013 2nd International Workshop on the Twin Peaks of Requirements and Architecture 517 $aTwin Peaks of Requirements and Architecture 606 $aSoftware engineering$vCongresses 606 $aSoftware architecture$vCongresses 615 0$aSoftware engineering 615 0$aSoftware architecture 676 $a005.1 801 0$bNjHacI 801 1$bNjHacl 906 $aPROCEEDING 912 $a996280034303316 996 $a2013 2nd International Workshop on the Twin Peaks of Requirements and Architecture (TwinPeaks)$92545423 997 $aUNISA LEADER 02921oam 2200601 450 001 9910140256503321 005 20230329193248.0 010 $a9782821834606 (ebook) 010 $a9782821834590 (ebook) 024 7 $a10.4000/books.oep.426 035 $a(CKB)2670000000550245 035 $a(SSID)ssj0001542241 035 $a(PQKBManifestationID)11953637 035 $a(PQKBTitleCode)TC0001542241 035 $a(PQKBWorkID)11536968 035 $a(PQKB)10880057 035 $a(WaSeSS)IndRDA00046299 035 $a(FrMaCLE)OB-oep-426 035 $a(oapen)https://directory.doabooks.org/handle/20.500.12854/62634 035 $a(PPN)180455036 035 $a(EXLCZ)992670000000550245 100 $a20160829d2014 uy 0 101 0 $aeng 135 $aurb|#|||||||| 181 $ctxt$2rdacontent 182 $cc$2rdamedia 183 $acr$2rdacarrier 200 10$aWhat is the text encoding initiative? : how to add intelligent markup to digital resources / Lou Bernard 210 $cOpenEdition Press$d2014 210 31$a[Place of publication not identified] :$cOpenEdition Press,$d2014. 215 $a1 online resource (114 pages) $cillustrations 225 1 $aEncyclope?die nume?rique ;$v3 320 $aIncludes bibliographical references. 330 $aThe Text Encoding Initiative (TEI) Guidelines have long been regarded as the de facto standard for the preparation of digital textual resources in the scholarly research community. For the beginner, they offer a daunting range of possibilities, reflecting the huge range of potential applications for text encoding, from traditional scholarly editions, to language corpora, historical lexicons, digital archives and beyond. Drawing on many examples of TEI-encoded text from a variety of research domains, this simple and straightforward book is intended to help the beginner make their own choices from the full range of TEI options. It explains the XML technology used by the TEI in language accessible to the non-technical reader and provides a guided tour of the many parts of the TEI universe, and how it may be customized to suit an individual project?s needs. This work has been produced with the support of Labex Hastec. 410 0$aEncyclope?die nume?rique (Marseille, France) ;$v3. 606 $aComputer software$vSpreadsheets$vProgramming 606 $aComputer Science$y21st century 606 $aCataloging 610 $adigital editing 610 $aXML 610 $adigital humanities 610 $aTEI 610 $atext encoding 615 0$aComputer software 615 0$aComputer Science 615 0$aCataloging. 676 $aQ006.74 700 $aBurnard$b Lou$0597304 801 0$bPQKB 801 2$bUkMaJRU 912 $a9910140256503321 996 $aWhat is the text encoding initiative? : how to add intelligent markup to digital resources$91925001 997 $aUNINA LEADER 01336nam a2200301|i 4500 001 991003794469707536 005 20021223130736.0 008 020417s1999 it u u itauu 020 $a8813223382 035 $ab11865088-39ule_inst 035 $aLE02988590$9ExL 040 $aISUFI - Sett. Diritti e Politiche Euromediterranee$bita 082 0 $a342 100 1 $aPalermo, Francesco$0177105 245 13$aIl potere estero delle regioni :$bricostruzione in chiave comparata di un potere interno alla Costituzione italiana /$cFrancesco Palermo 260 0 $aPadova :$bCEDAM,$cc1999 300 $axiii, 299 p. ;$c25 cm 490 0 $aIus publicum Europaeum ;$v2 500 $aIn testa al front.: Europäische Akademie, Bozen = Accademia europea, Bolzano = Academia europeica, Bulsan 650 4$aRegione$xCooperazione internazionale$xAspetti giuridici 650 4$aRegione e stato 907 $a.b11865088$b28-04-17$c23-12-02 912 $a991003794469707536 945 $aLE029 342 PAL04.01$g1$iLE029-3745$lle029$o-$pE0.00$q-$rn$so $t0$u0$v0$w0$x0$y.i12117687$z23-12-02 945 $aLE027 342.00 PAL01.01$g1$i2027000046546$lle027$o-$pE20.66$q-$rl$s- $t0$u7$v5$w7$x0$y.i13026744$z17-11-03 996 $aPotere estero delle regioni$9689931 997 $aUNISALENTO 998 $ale029$ale027$b01-01-02$cm$da $e-$fita$git $h3$i1